| 000 | 00397nam a2200181Ia 4500 | ||
|---|---|---|---|
| 001 | 1604 | ||
| 005 | 20260306143740.0 | ||
| 008 | 260306t2007||||xx |||||||||||||| ||spa|| | ||
| 041 | _aESP | ||
| 082 |
_a153.4 _bC72 |
||
| 100 |
_aCohen, Dorothy H. _eAUT |
||
| 245 | 0 | _aCómo aprenden los niños | |
| 260 | _c2007 | ||
| 300 |
_a _c |
||
| 650 | _aGEN | ||
| 654 | _aCPS | ||
| 942 |
_cLIB _dJUS _fJUS _2ddc _n |
||
| 999 |
_c1604 _d1604 |
||